Представление документа в формате MARC21

ПолеНазваниеЗначение
  Тип записи a
  Библиографический уровень m
001 Контрольный номер RU\infra-m\znanium\bibl\2254333
005 Дата корректировки 20260429142223.9
008 Кодируемые данные 260428s2026 RU g rus u
020 Индекс ISBN __
a ISBN 978-5-369-01821-7
020 Индекс ISBN __
a ISBN 978-5-16-106164-0 (электр. издание)
020 Индекс ISBN __
a ISBN 978-5-16-015535-7 (ISBN соиздателя)
040 Источник каталогиз. __
a Служба первич. каталог. Общество с ограниченной ответственностью «ЗНАНИУМ»
041 Код языка издания __
a Код языка текста rus
044 Код страны публикации __
a Код страны публикации RU
080 Индекс УДК __
a Индекс УДК 811.111(075.32)
084 Индекс другой классификации/Индекс ББК __
2 Источник индекса rubbk
a Индекс другой классификации/Индекс ББК 81.2Англ-923я73
084 Индекс другой классификации/Индекс ББК __
2 Источник индекса okso
a Индекс другой классификации/Индекс ББК 08.01.04
084 Индекс другой классификации/Индекс ББК __
2 Источник индекса okso
a Индекс другой классификации/Индекс ББК 08.01.05
084 Индекс другой классификации/Индекс ББК __
2 Источник индекса okso
a Индекс другой классификации/Индекс ББК 08.01.08
084 Индекс другой классификации/Индекс ББК __
2 Источник индекса okso
a Индекс другой классификации/Индекс ББК 08.01.24
084 Индекс другой классификации/Индекс ББК __
2 Источник индекса okso
a Индекс другой классификации/Индекс ББК 08.01.27
084 Индекс другой классификации/Индекс ББК __
2 Источник индекса okso
a Индекс другой классификации/Индекс ББК 08.01.28
084 Индекс другой классификации/Индекс ББК __
2 Источник индекса okso
a Индекс другой классификации/Индекс ББК 35.01.07
084 Индекс другой классификации/Индекс ББК __
2 Источник индекса okso
a Индекс другой классификации/Индекс ББК 35.01.08
084 Индекс другой классификации/Индекс ББК __
2 Источник индекса okso
a Индекс другой классификации/Индекс ББК 35.01.28
084 Индекс другой классификации/Индекс ББК __
2 Источник индекса okso
a Индекс другой классификации/Индекс ББК 35.01.29
084 Индекс другой классификации/Индекс ББК __
2 Источник индекса okso
a Индекс другой классификации/Индекс ББК 35.02.02
084 Индекс другой классификации/Индекс ББК __
2 Источник индекса okso
a Индекс другой классификации/Индекс ББК 35.02.18
100 Автор __
a Автор Агеева Е.А.
q Полное имя Агеева Елена Алексеевна
u Дополнение Московский индустриальный колледж
245 Заглавие __
a Заглавие Английский для деревообработчиков,плотников и столяров
b Продолж. заглавия Учебник
c Ответственность Московский индустриальный колледж
250 Сведения об издании __
a Основные сведения об издании 1
260 Выходные данные __
a Место издания Москва
b Издательство Издательский Центр РИОР
c Дата издания 2026
300 Физическое описание __
a Объем 132 с.
440 Серия __
a Серия СПО
520 Аннотация __
a Аннотация Учебник подготовлен в соответствии с ФГОС СПО для профессиональных образовательных организаций по общеобразовательной дисциплине «Английский язык». Цельучебника — развитие и совершенствование умений устной письменной речи и чтения литературы по специальности на английском языке. Уровень языковой подготовки обучающихся — Elementary A2. Использованы коммуникативная методика проектные технологии компетентностный иличностно-ориентированный подходы. В учебнике представлена уникальная информация об истории деревообработки в России шедеврах деревянного зодчества а также развитии деревообработки в англоязычных странах. Адресован студентам технических колледжей по специальностям связанным с производством изделий из древесины.
521 Примеч. о цел. назн. __
a Примеч. о целев. назн. Среднее профессиональное образование
650 Тематические рубрики __
a Основная рубрика Филологические науки
x Основная подрубрика Английский язык
655 Указ. предметных рубрик (устаревшее) __
a Жанр/ форма (устаревшее) Учебник
856 Электронный адрес документа 4_
a Имя сервера/домена znanium.ru
m Помощь ebs_support@infra-m.ru
n Местонахождение сервера НИЦ ИНФРА-М
u URL https://znanium.ru/catalog/document?id=482470
856 Электронный адрес документа 48
a Имя сервера/домена znanium.ru
d Путь /cover/2254
f Электронное имя 2254333.jpg
u URL https://znanium.ru/cover/2254/2254333.jpg
911 __
u 0030=https://znanium.ru/catalog/document?id=482470